000 01069cam a2200313 i 4500
001 20437878
003 OSt
005 20260413122529.0
008 180410s2018 ke a b 000 0 eng
010 _a 2018354201
020 _a9789966600868
035 _a20437878
040 _aDLC
_beng
_erda
_cDLC
042 _alcode
_apcc
043 _af------
050 0 0 _aHD9506.A35
_bE98 2018
245 0 0 _aExtractive industries in Africa :
_baddressing conflicts and integrating sustainable development /
_cElias Opongo SJ (Ed).
264 1 _aNairobi, Kenya :
_bPaulines Publications Africa,
_c2018.
300 _a208 pages :
_billustrations ;
_c21 cm
336 _atext
_btxt
_2rdacontent
337 _aunmediated
_bn
_2rdamedia
338 _avolume
_bnc
_2rdacarrier
504 _aIncludes bibliographical references (pages 205-208).
650 0 _aMines and mineral resources
_zAfrica.
700 1 _aOpongo, Elias Omondi,
_eeditor.
906 _a7
_bcbc
_corigode
_d3
_encip
_f20
_gy-gencatlg
942 _2lcc
_cBK
_n0
999 _c23688
_d23687